Central Library OPAC University of Rajshahi

A history of cytology / (Record no. 69167)

MARC details
000 -LEADER
fixed length control field 00618nam a2200217 a 4500
001 - CONTROL NUMBER
control field 69167
003 - CONTROL NUMBER IDENTIFIER
rucl marc code BD-RjUL
005 - DATE AND TIME OF LATEST TRANSACTION
control field 20211209081845.0
008 - FIXED-LENGTH DATA ELEMENTS--GENERAL INFORMATION
fixed length control field 850410s1959 enka b 001 0 eng
035 ## - SYSTEM CONTROL NUMBER
System control number (BD-RjUL)69378
040 ## - CATALOGING SOURCE
Original cataloging agency DLC/ICU
Transcribing agency ICU
Modifying agency DLC
-- BD-RjUL
Language of cataloging eng
041 ## - LANGUAGE CODE
Language code of text/sound track or separate title eng
082 00 - DEWEY DECIMAL CLASSIFICATION NUMBER
Edition number 23
Classification number 571.6
Author mark and year HUH 1959
100 1# - MAIN ENTRY--PERSONAL NAME
Personal name Hughes, Arthur
Dates associated with a name 1908-
9 (RLIN) 204925
245 12 - TITLE STATEMENT
Title A history of cytology /
Statement of responsibility, etc. Arthur Hughes
260 ## - PUBLICATION, DISTRIBUTION, ETC. (IMPRINT)
Place of publication, distribution, etc. London,
-- New York :
Name of publisher, distributor, etc. Abelard-Schuman,
Date of publication, distribution, etc. 1959
300 ## - PHYSICAL DESCRIPTION
Pagination 158 p. :
Illustrations ill. ;
Size 23 cm.
504 ## - BIBLIOGRAPHY, ETC. NOTE
Bibliography, etc Includes bibliography and index
650 #0 - SUBJECT ADDED ENTRY--TOPICAL TERM
Topical term or geographic name as entry element Cytology
9 (RLIN) 116684
942 ## - ADDED ENTRY ELEMENTS (KOHA)
Source of classification or shelving scheme Dewey Decimal Classification
Koha item type Books
Holdings
Lost status Source of classification or shelving scheme Damaged status Not for loan Collection code Permanent Location Current Location Shelving location Date acquired Source of acquisition Cost, normal purchase price Total Checkouts Full call number Date last seen Copy number Koha item type
  Dewey Decimal Classification   Not For Loan Non-fiction Central Library, University of Rajshahi Central Library, University of Rajshahi Reading Room 31/10/1970 Swits and Zeitliner 21.00   571.6 HUH 1959 10/04/2017 C-1 Books